[Event "Chorzow 2011"]
[Site "Chorzow"]
[Date "2011.03.30"]
[Round "6.1"]
[White "Osipow, Nikolaj"]
[Black "Koziak, Vitali"]
[Result "0-1"]
[WhiteElo "2179"]
[BlackElo "2471"]
[PlyCount "64"]
[EventDate "2011.??.??"]

1. e4 c5 2. Nf3 Nc6 3. d4 cxd4 4. Nxd4 Nf6 5. Nc3 d6 6. Be2 e6 7. O-O Be7 8.
Be3 O-O 9. g4 d5 10. exd5 Nxd5 11. Nxd5 exd5 12. c3 Re8 13. Bb5 Bd6 14. Qf3 Qh4
15. h3 Re4 16. Rfd1 Ne5 17. Qg2 Nxg4 18. Nf3 Nxe3 19. Nxh4 Nxg2 20. Nxg2 Be6
21. Rd2 d4 22. f3 Re5 23. Bf1 Bxh3 24. b4 Kf8 25. Rxd4 Bc7 26. Nf4 Rg5+ 27. Kf2
Bxf1 28. Kxf1 Bb6 29. Rdd1 Re8 30. Ne2 Re3 31. f4 Rf3+ 32. Ke1 Rg2 0-1

[Event "Chorzow 2011"]
[Site "Chorzow"]
[Date "2011.03.30"]
[Round "6.2"]
[White "Kalinin, Oleg"]
[Black "Mulet, Piotr"]
[Result "1/2-1/2"]
[WhiteElo "2375"]
[BlackElo "2334"]
[PlyCount "34"]
[EventDate "2011.??.??"]

1. d4 Nf6 2. c4 g6 3. Nc3 d5 4. cxd5 Nxd5 5. g3 Bg7 6. Bg2 Nb6 7. Nf3 O-O 8.
O-O Nc6 9. d5 Na5 10. e4 c6 11. Bg5 h6 12. Bf4 Nac4 13. Qc2 g5 14. Bc1 cxd5 15.
Nxd5 Nxd5 16. Qxc4 Nb6 17. Qe2 Be6 1/2-1/2

[Event "Chorzow 2011"]
[Site "Chorzow"]
[Date "2011.03.30"]
[Round "6.3"]
[White "Juroszek, Tadeusz"]
[Black "Polok, Kacper"]
[Result "1/2-1/2"]
[WhiteElo "2355"]
[BlackElo "2046"]
[PlyCount "110"]
[EventDate "2011.??.??"]

1. e4 c5 2. c3 d6 3. d4 Nf6 4. Bd3 g6 5. dxc5 d5 6. exd5 Qxd5 7. Bb5+ Bd7 8.
Qxd5 Nxd5 9. Bc4 Bc6 10. Nf3 Nd7 11. O-O e6 12. a4 a5 13. Nd4 Bxc5 14. Nxc6
bxc6 15. Be2 f5 16. Na3 Kf7 17. Nc4 Rhe8 18. Bd2 e5 19. Rfb1 Ke6 20. b4 axb4
21. cxb4 Bd4 22. Ra3 Reb8 23. a5 N7f6 24. Be1 Ne4 25. Rbb3 Nc7 26. Ne3 Nb5 27.
Ra2 Ba7 28. Bc4+ Ke7 29. Bd3 Nf6 30. Rb1 Bxe3 31. fxe3 Nd5 32. Rc1 Nxe3 33.
Rxc6 Nd4 34. Rc5 Kd6 35. Bd2 Nd5 36. Rc4 Nc6 37. Ra4 Nb6 38. Rxc6+ Kxc6 39. b5+
Kd5 40. Rh4 e4 41. Bf1 Nc4 42. Bxc4+ Kxc4 43. b6 Kd3 44. Bb4 h5 45. Bd6 Rb7 46.
Rh3+ e3 47. Bf4 Rxa5 48. Rxe3+ Kd4 49. Re6 Rb5 50. Bc7 g5 51. h3 f4 52. Kf2 g4
53. hxg4 hxg4 54. Bxf4 Rf7 55. Kg3 Rb2 1/2-1/2

[Event "Chorzow 2011"]
[Site "Chorzow"]
[Date "2011.03.30"]
[Round "6.4"]
[White "Kaczmarek, Aleksander"]
[Black "Piesik, Piotr"]
[Result "1-0"]
[WhiteElo "2036"]
[BlackElo "2216"]
[PlyCount "43"]
[EventDate "2011.??.??"]

1. e4 Nc6 2. d4 e5 3. Nf3 exd4 4. Bc4 Bc5 5. O-O d6 6. c3 dxc3 7. Qb3 Qd7 8.
Qxc3 Nf6 9. a3 O-O 10. Nbd2 Qe7 11. b4 Bb6 12. Bb2 Re8 13. Rae1 Ne5 14. Nxe5
dxe5 15. Nf3 Nd7 16. Rd1 c6 17. Qb3 Rf8 18. Qc3 Bc7 19. Rd3 Kh8 20. Bb3 f6 21.
Nh4 Nb6 22. Ng6+ 1-0

[Event "Chorzow 2011"]
[Site "Chorzow"]
[Date "2011.03.30"]
[Round "6.5"]
[White "Sroka, Janusz"]
[Black "Kastelik, Adrian"]
[Result "1/2-1/2"]
[WhiteElo "2091"]
[BlackElo "1996"]
[PlyCount "47"]
[EventDate "2011.??.??"]

1. e4 e5 2. Nf3 Nc6 3. Bb5 Nf6 4. O-O Nxe4 5. Re1 Nd6 6. Nxe5 Be7 7. Bd3 Nxe5
8. Rxe5 O-O 9. Nc3 Re8 10. Re3 Bg5 11. Rxe8+ Nxe8 12. b3 d5 13. Qe2 c6 14. Ba3
Be6 15. Rf1 b5 16. f4 Bf6 17. Qf2 Be7 18. Bxe7 Qxe7 19. f5 Bd7 20. Qf4 Qd6 21.
Qh4 Qf6 22. Qf4 Qd6 23. Qh4 Qf6 24. Qf4 1/2-1/2

[Event "Chorzow 2011"]
[Site "Chorzow"]
[Date "2011.03.30"]
[Round "6.6"]
[White "Karcz, Bartlomiej"]
[Black "Zowada, Kazimierz"]
[Result "1-0"]
[WhiteElo "1906"]
[BlackElo "2146"]
[PlyCount "125"]
[EventDate "2011.??.??"]

1. e4 d6 2. d4 Nf6 3. Nc3 c6 4. f4 b5 5. a3 a6 6. Nf3 Qc7 7. e5 Nd5 8. Nxd5
cxd5 9. Bd3 Bg4 10. h3 Bxf3 11. Qxf3 e6 12. O-O Nc6 13. c3 g6 14. Re1 Be7 15.
Bd2 h5 16. b4 O-O 17. f5 exf5 18. e6 Bf6 19. Qxd5 Kg7 20. exf7 Ne7 21. Qe6 Rxf7
22. Bh6+ Kg8 23. Rac1 d5 24. a4 Qb7 25. axb5 axb5 26. Ra1 Rc8 27. Ra3 Rxc3 28.
Bxb5 Qxb5 29. Ra8+ Rc8 30. Rxc8+ Nxc8 31. Qxc8+ Kh7 32. Bf8 Bxd4+ 33. Kh1 f4
34. Bc5 Bc3 35. Rc1 f3 36. Qe6 fxg2+ 37. Kxg2 Rf6 38. Qe7+ Kh6 39. Qe3+ Kh7 40.
Rxc3 Qf1+ 41. Kh2 Rf4 42. Bd4 Re4 43. Rc7+ Kg8 44. Rc8+ Kf7 45. Bc5 Qd1 46.
Qf2+ Ke6 47. Rc6+ Kd7 48. Rd6+ Ke8 49. Qf8+ Kxf8 50. Rxd5+ Kf7 51. Rxd1 Re2+
52. Kg3 Rb2 53. Rd6 g5 54. Rb6 Rb3+ 55. Kg2 Rb2+ 56. Bf2 Rb3 57. Rb7+ Ke6 58.
b5 g4 59. h4 Kf5 60. b6 Kg6 61. Rb8 Kf7 62. b7 Kg7 63. Bd4+ 1-0

[Event "Chorzow 2011"]
[Site "Chorzow"]
[Date "2011.03.30"]
[Round "6.7"]
[White "Bojdol, Robert"]
[Black "Wozniak, Dawid"]
[Result "1-0"]
[WhiteElo "2053"]
[BlackElo "1917"]
[PlyCount "53"]
[EventDate "2011.??.??"]

1. e4 c6 2. Nc3 d5 3. Nf3 dxe4 4. Nxe4 e6 5. d4 Be7 6. Bd3 Nf6 7. Ng3 b6 8. Qe2
Bb7 9. O-O Nbd7 10. c3 O-O 11. Re1 Re8 12. Ng5 Bd6 13. Qf3 Qc7 14. Bxh7+ Nxh7
15. Qxf7+ Kh8 16. Nxh7 Kxh7 17. Re4 Qd8 18. Rg4 Qf6 19. Qxd7 Qe7 20. Qxe7 Rxe7
21. Bf4 Bxf4 22. Rxf4 Rae8 23. Re1 Kg6 24. Re5 c5 25. Rg4+ Kh7 26. Ne4 cxd4 27.
Nf6+ 1-0

[Event "Chorzow 2011"]
[Site "Chorzow"]
[Date "2011.03.30"]
[Round "6.9"]
[White "Stepaniec, Lukasz"]
[Black "Jelonek, Michal"]
[Result "1/2-1/2"]
[WhiteElo "1916"]
[BlackElo "2039"]
[PlyCount "73"]
[EventDate "2011.??.??"]

1. d4 Nf6 2. c4 e6 3. a3 b6 4. Nc3 Bb7 5. f3 d5 6. Nh3 c5 7. Bg5 Be7 8. cxd5
exd5 9. e3 O-O 10. Be2 h6 11. Bh4 Na6 12. O-O Nc7 13. Rc1 Qd7 14. Bd3 Ne6 15.
Bb1 Rac8 16. Qd3 g6 17. Qd2 Kg7 18. Ne2 Rfe8 19. Rfd1 c4 20. Qc2 b5 21. Nhf4
Nf8 22. Bg3 Bd6 23. Bf2 a5 24. Re1 b4 25. axb4 axb4 26. g4 Bc6 27. h4 Ba4 28.
Qd2 Ne6 29. Bg3 g5 30. Nxe6+ fxe6 31. Bxd6 Qxd6 32. hxg5 hxg5 33. e4 Nh7 34. e5
Qe7 35. Ng3 Rf8 36. Nh5+ Kg8 37. Kg2 1/2-1/2

[Event "Chorzow 2011"]
[Site "Chorzow"]
[Date "2011.03.30"]
[Round "6.11"]
[White "Solek, Zenon"]
[Black "Blasiak, Miroslaw"]
[Result "1-0"]
[WhiteElo "1870"]
[BlackElo "1952"]
[PlyCount "117"]
[EventDate "2011.??.??"]

1. e4 e5 2. f4 exf4 3. Nf3 g5 4. h4 g4 5. Ne5 Nf6 6. d4 d6 7. Nd3 Nxe4 8. Bxf4
Nc6 9. Qe2 Qe7 10. Nc3 Nxc3 11. Qxe7+ Nxe7 12. bxc3 h5 13. Kd2 Bd7 14. a4 a5
15. g3 Bc6 16. Rg1 Nf5 17. Bg2 Bxg2 18. Rxg2 O-O-O 19. Bg5 Re8 20. Rf1 Nh6 21.
Kd1 Rh7 22. Re2 Rxe2 23. Kxe2 b6 24. Bxh6 Bxh6 25. Rf5 Bf8 26. Nf4 Kd7 27. d5
Ke7 28. Nxh5 Bg7 29. Nxg7 Rxg7 30. Ke3 Rg6 31. Kf4 Rf6 32. c4 Rg6 33. h5 Rg7
34. Rg5 Rh7 35. Kxg4 Kf6 36. Rf5+ Ke7 37. Kg5 Rg7+ 38. Kh4 Rh7 39. g4 f6 40. c3
Rg7 41. h6 Rh7 42. Kh5 Rh8 43. g5 fxg5 44. Rxg5 Kf6 45. Rg7 Re8 46. Rxc7 Re5+
47. Kh4 Kg6 48. h7 Rh5+ 49. Kg4 Rg5+ 50. Kf4 Rf5+ 51. Ke4 Rh5 52. Rd7 Rh4+ 53.
Kd3 Rh3+ 54. Kc2 Kf5 55. Rxd6 Rxh7 56. Rxb6 Rh2+ 57. Kb3 Ke4 58. Rb5 Rh1 59.
Rxa5 1-0

[Event "Chorzow 2011"]
[Site "Chorzow"]
[Date "2011.03.30"]
[Round "6.12"]
[White "Mucha, Piotr"]
[Black "Michalski, Edmund"]
[Result "1-0"]
[WhiteElo "1707"]
[BlackElo "1910"]
[PlyCount "73"]
[EventDate "2011.??.??"]

1. e4 e5 2. Nf3 Nc6 3. Bb5 a6 4. Ba4 b5 5. Bb3 Be7 6. O-O Nf6 7. Re1 O-O 8. c3
d6 9. h3 Na5 10. Bc2 c5 11. d4 Qc7 12. Nbd2 Bd7 13. Nf1 Rac8 14. d5 Nb7 15. g4
Ne8 16. Ng3 g6 17. a4 b4 18. c4 Ng7 19. Kh2 f6 20. Rg1 Nd8 21. Bh6 Nf7 22. Nf5
gxf5 23. Bxg7 Kxg7 24. gxf5+ Kh8 25. Nh4 Ng5 26. Qh5 Be8 27. Ng6+ Bxg6 28. fxg6
Rg8 29. Rxg5 Rg7 30. Rg4 Bf8 31. Rag1 b3 32. Bd1 Qd8 33. Qf5 Rcc7 34. h4 hxg6
35. Rxg6 Rcf7 36. Qh5+ Kg8 37. Rh6 1-0

[Event "Chorzow 2011"]
[Site "Chorzow"]
[Date "2011.03.30"]
[Round "6.13"]
[White "Galyga, Jozef"]
[Black "Rychlik, Bogdan"]
[Result "1-0"]
[WhiteElo "1946"]
[BlackElo "1823"]
[PlyCount "83"]
[EventDate "2011.??.??"]

1. e4 c5 2. Nc3 e6 3. Nf3 d5 4. exd5 exd5 5. Bb5+ Bd7 6. Bxd7+ Qxd7 7. d4 Nc6
8. dxc5 d4 9. Ne4 O-O-O 10. O-O f5 11. Ng3 Bxc5 12. a3 Bb6 13. Qd3 g6 14. Bf4
Bc7 15. Bxc7 Qxc7 16. c3 dxc3 17. Qxc3 Nge7 18. Rac1 Kb8 19. Ne2 Nd5 20. Qc5
Qb6 21. Qxb6 Nxb6 22. Nf4 Rhe8 23. h4 Nd4 24. Nxd4 Rxd4 25. g3 Rd2 26. b4 Nd5
27. Nxd5 Rxd5 28. Rc3 Rd2 29. Rfc1 a6 30. Rc7 Rd1+ 31. Kg2 Rxc1 32. Rxc1 Re2
33. Rc3 Re4 34. Kf3 h6 35. Re3 Rxe3+ 36. Kxe3 Kc7 37. Kf4 Kd6 38. h5 Ke6 39.
hxg6 Kf6 40. g7 Kxg7 41. Kxf5 Kf7 42. g4 1-0

[Event "Chorzow 2011"]
[Site "Chorzow"]
[Date "2011.03.30"]
[Round "6.14"]
[White "Ociepka, Tomasz"]
[Black "Heimann, Adrian"]
[Result "1-0"]
[WhiteElo "1894"]
[BlackElo "1806"]
[PlyCount "89"]
[EventDate "2011.??.??"]

1. d4 Nf6 2. c4 g6 3. Nc3 Bg7 4. e4 d6 5. Be2 O-O 6. Nf3 e5 7. O-O Nc6 8. d5
Ne7 9. Ne1 Nd7 10. Be3 f5 11. f3 f4 12. Bf2 Nf6 13. Nd3 g5 14. c5 Ng6 15. cxd6
cxd6 16. Rc1 Rf7 17. Qb3 h5 18. Rc2 Ne8 19. Rfc1 g4 20. Nb5 a6 21. Nc7 Nxc7 22.
Bb6 Qg5 23. Rxc7 gxf3 24. Rxc8+ Rxc8 25. Rxc8+ Bf8 26. Bxf3 h4 27. h3 Rg7 28.
Bd8 Ne7 29. Rc7 b5 30. Nf2 Qg3 31. Bg4 Ng6 32. Qxg3 hxg3 33. Rxg7+ Kxg7 34. Nd3
Be7 35. Bxe7 Nxe7 36. Nb4 a5 37. Nc6 Kf6 38. Nxe7 Kxe7 39. Kf1 Kd8 40. Ke2 Kc7
41. Kd3 Kb6 42. h4 a4 43. h5 Kc5 44. h6 Kb4 45. h7 1-0

[Event "Chorzow 2011"]
[Site "Chorzow"]
[Date "2011.03.30"]
[Round "6.15"]
[White "Faron, Rafal"]
[Black "Fraczek, Leslaw"]
[Result "1/2-1/2"]
[WhiteElo "1798"]
[BlackElo "1887"]
[PlyCount "50"]
[EventDate "2011.??.??"]

1. d4 d5 2. c4 c6 3. cxd5 cxd5 4. Nc3 Nf6 5. Bf4 Nc6 6. e3 a6 7. a3 e6 8. Bd3
Bd6 9. Bg3 e5 10. dxe5 Nxe5 11. Be2 O-O 12. Nf3 Re8 13. O-O Nxf3+ 14. Bxf3 Bxg3
15. hxg3 Be6 16. Qd2 Qd7 17. Rfd1 Red8 18. e4 d4 19. Ne2 Bb3 20. Re1 Rac8 21.
Rac1 d3 22. Nc3 b5 23. Nd5 Nxe4 24. Bxe4 Rxc1 25. Rxc1 Bxd5 1/2-1/2

[Event "Chorzow 2011"]
[Site "Chorzow"]
[Date "2011.03.30"]
[Round "6.16"]
[White "Karpacz, Piotr"]
[Black "Marek, Eugeniusz"]
[Result "1/2-1/2"]
[WhiteElo "1747"]
[BlackElo "1886"]
[PlyCount "46"]
[EventDate "2011.??.??"]

1. d4 Nf6 2. c4 e6 3. Nc3 d5 4. cxd5 exd5 5. Bg5 Be7 6. e3 c6 7. Bd3 Bg4 8. Qc2
Nbd7 9. Nge2 Nf8 10. Bh4 Ng6 11. Bg3 Bd6 12. O-O O-O 13. Bxd6 Qxd6 14. Ng3 Ne7
15. h3 Bd7 16. Rfc1 Rac8 17. Qd2 Be6 18. Nce2 Rfd8 19. b4 a6 20. a4 Bd7 21. Qb2
Rc7 22. Nc3 b5 23. a5 Be6 1/2-1/2

[Event "Chorzow 2011"]
[Site "Chorzow"]
[Date "2011.03.30"]
[Round "6.17"]
[White "Rosicki, Marcin"]
[Black "Gora, Tomasz"]
[Result "1/2-1/2"]
[WhiteElo "1560"]
[BlackElo "1868"]
[PlyCount "100"]
[EventDate "2011.??.??"]

1. e4 e6 2. d4 d5 3. e5 c5 4. c3 Nc6 5. Nf3 Qb6 6. a3 c4 7. Nbd2 Na5 8. g3 Bd7
9. Bg2 h6 10. O-O g5 11. Ne1 O-O-O 12. Rb1 f5 13. Qe2 Nb3 14. Nxb3 Qxb3 15. Qc2
Ba4 16. Qxb3 Bxb3 17. f4 gxf4 18. Bxf4 Ne7 19. Bh1 Ng6 20. Be3 Be7 21. Ng2 Rdg8
22. Nf4 Kd7 23. Bf3 Bg5 24. Bd1 h5 25. Bxb3 cxb3 26. Nxd5 Bxe3+ 27. Nxe3 f4 28.
Nc4 fxg3 29. hxg3 Ne7 30. Na5 b6 31. Nxb3 Nf5 32. Rf3 h4 33. Nd2 hxg3 34. Ne4
Rg7 35. Nf6+ Ke7 36. d5 g2 37. d6+ Kd8 38. Kf2 Rh1 39. Rg1 Ng3 40. Kxg2 Rxg1+
41. Kxg1 Ne4+ 42. Kh2 Nd2 43. Rh3 Nf1+ 44. Kh1 Ng3+ 45. Kh2 Nf1+ 46. Kh1 Ng3+
47. Kg2 Ne4+ 48. Kf1 Nxf6 49. exf6 Rf7 50. Ke2 Kd7 1/2-1/2

[Event "Chorzow 2011"]
[Site "Chorzow"]
[Date "2011.03.30"]
[Round "6.19"]
[White "Czornik, Adam"]
[Black "Santura, Janusz"]
[Result "0-1"]
[WhiteElo "1764"]
[BlackElo "1900"]
[PlyCount "100"]
[EventDate "2011.??.??"]

1. e4 c6 2. d4 d5 3. e5 Bf5 4. h4 Qb6 5. Nc3 h5 6. Nge2 e6 7. Ng3 Bg6 8. Be2
Be7 9. Nxh5 Bxh5 10. Bxh5 g6 11. Be2 Rxh4 12. Rxh4 Bxh4 13. Qd3 Nd7 14. Qh3 Be7
15. Qh8 O-O-O 16. Qh3 Qxd4 17. Be3 Qxe5 18. Bxa7 b6 19. Qd3 Nc5 20. Qf3 Kb7 21.
Qxf7 Qf6 22. Qxf6 Nxf6 23. Bxb6 Kxb6 24. O-O-O Rh8 25. f3 Rh2 26. Bf1 Nh5 27.
Ne2 Bg5+ 28. Kb1 Nf4 29. Nxf4 Bxf4 30. c3 Nb7 31. b4 Nd6 32. a4 Nf5 33. a5+ Ka7
34. Re1 Ne3 35. Bd3 Rxg2 36. Rh1 Bh2 37. Re1 Rg1 38. Rxg1 Bxg1 39. Bxg6 Nf5 40.
Be8 Ne7 41. Kc2 Ka6 42. Kd3 Kb5 43. f4 Nf5 44. Bd7 Ng7 45. Kd2 Bf2 46. Ke2 Bg3
47. a6 Kxa6 48. Bxc6 Bxf4 49. Bd7 Kb6 50. Kd3 Kc7 0-1

[Event "Chorzow 2011"]
[Site "Chorzow"]
[Date "2011.03.30"]
[Round "6.20"]
[White "Richter, Bronislaw"]
[Black "Wiechowski, Bronislaw"]
[Result "1-0"]
[WhiteElo "1802"]
[BlackElo "1884"]
[PlyCount "49"]
[EventDate "2011.??.??"]

1. d4 d5 2. e4 dxe4 3. Nc3 Nf6 4. Bc4 e6 5. f3 exf3 6. Nxf3 c6 7. O-O Be7 8.
Qd3 b5 9. Bb3 Nbd7 10. Ng5 Nb6 11. Nce4 h6 12. Nf3 a5 13. c3 b4 14. Ne5 a4 15.
Bc4 Nxc4 16. Qxc4 O-O 17. Nxc6 Qc7 18. Nxe7+ Qxe7 19. Nxf6+ gxf6 20. Qxb4 Qd7
21. Bxh6 Re8 22. Rxf6 Bb7 23. Raf1 Qd5 24. R1f3 Qh5 25. Qxb7 1-0

[Event "Chorzow 2011"]
[Site "Chorzow"]
[Date "2011.03.30"]
[Round "6.21"]
[White "Hendel, Kazimierz"]
[Black "Zielinski, Hubert"]
[Result "0-1"]
[WhiteElo "1679"]
[BlackElo "1885"]
[PlyCount "62"]
[EventDate "2011.??.??"]

1. c4 g6 2. Nc3 Bg7 3. Nf3 Nf6 4. e4 O-O 5. Be2 c5 6. O-O Nc6 7. d4 cxd4 8.
Nxd4 Nxd4 9. Qxd4 d6 10. Kh1 Bd7 11. Qd3 Bc6 12. Be3 a5 13. Rad1 a4 14. Qc2 Qa5
15. Nd5 Bxd5 16. exd5 Rfc8 17. Bd2 Qxd5 18. Qxg6 hxg6 19. cxd5 Rc2 20. b3 axb3
21. a4 Rxa4 22. Bd3 Rca2 23. Bb5 Rd4 24. Be3 Rxd1 25. Rxd1 b2 26. Bd4 Ne4 27.
Bd3 Ra1 28. Rxa1 bxa1=Q+ 29. Bxa1 Nxf2+ 30. Kg1 Nxd3 31. Bxg7 Kxg7 0-1

[Event "Chorzow 2011"]
[Site "Chorzow"]
[Date "2011.03.30"]
[Round "6.22"]
[White "Klementys, Jerzy"]
[Black "Buchowski, Adam"]
[Result "1-0"]
[WhiteElo "1781"]
[BlackElo "1839"]
[PlyCount "101"]
[EventDate "2011.??.??"]

1. d4 Nf6 2. c4 e6 3. Nc3 Bb4 4. Qc2 b6 5. a3 Bxc3+ 6. Qxc3 Ne4 7. Qc2 Bb7 8.
f3 Qh4+ 9. g3 Nxg3 10. hxg3 Qxh1 11. Nh3 Qh2 12. Bf4 Bxf3 13. g4 Qh1 14. exf3
Qxf3 15. Bg2 Qxg4 16. Bxa8 Qxh3 17. Bg2 Qh4+ 18. Qf2 Qxf2+ 19. Kxf2 d6 20. c5
bxc5 21. dxc5 e5 22. cxd6 cxd6 23. Be3 a6 24. Bb6 Ke7 25. Rc1 Ke6 26. Rc7 g6
27. Bf1 d5 28. Bc5 f5 29. Re7+ Kf6 30. Ra7 Rc8 31. b4 f4 32. Be7+ Kg7 33. Bd6+
Kf6 34. Bxb8 Rxb8 35. Rxa6+ Kf5 36. b5 e4 37. b6 g5 38. Bb5 e3+ 39. Ke2 d4 40.
Bc6 Kg4 41. b7 Kg3 42. Ra8 Rxb7 43. Bxb7 g4 44. Re8 f3+ 45. Kf1 e2+ 46. Ke1 Kg2
47. Re4 h5 48. Rf4 Kg3 49. Rxd4 Kg2 50. a4 Kg1 51. Rf4 1-0